| 000 | 01209nam a22002291i 4500 | ||
|---|---|---|---|
| 001 | 181137 | ||
| 003 | ES-MaACL | ||
| 005 | 20230906221300.0 | ||
| 008 | 121023s1910 sp |||| | spa d | ||
| 080 | _a582.2/.3 | ||
| 100 | 1 |
_aLázaro e Ibiza, Blas, _d1858-1921 _970800 |
|
| 245 | 1 | 0 |
_aEstudio de los laboratorios y de los métodos de observación y reconocimiento de los criptógamas susceptibles de aplicaciones médicas agrícolas e industriales : _bmemoria presentada a la Junta para Ampliación de Estudios e Investigaciones Científicas / _cpor Blas Lázaro e Ibiza. |
| 260 |
_aMadrid : _bJunta para Amplicación de Estudios e Investigaciones Científicas, _c1910. |
||
| 300 |
_a42 p., [3] h. de lám. ; _c23 cm. |
||
| 490 | 1 |
_aAnales de la Junta para Ampliación de Estudios e Investigaciones Científicas ; _vt. 2, memoria 1 |
|
| 650 | 4 |
_aBotánica- _xInvestigación. _9151707 |
|
| 650 | 4 |
_aCriptógamas. _9151708 |
|
| 710 | 2 |
_aJunta para la Ampliación de Estudios e Investigaciones Científicas. _95413 |
|
| 830 | 1 |
_aAnales de la Junta para Ampliación de Estudios e Investigaciones Científicas ; _vt. 2, memoria 1 _9186710 |
|
| 852 | 4 |
_aES-MaACL _jB-13158(1) |
|
| 999 |
_c181137 _d181137 |
||